| 000 | 00780nam a22002057a 4500 | ||
|---|---|---|---|
| 999 |
_c13762 _d13762 |
||
| 003 | AR-CdUCM | ||
| 008 | 190416b ||||| |||| 00| 0 spa d | ||
| 040 |
_aMUNICIPALIDAD PROVINCIAL DEL CUSCO _cBIBLIOTECA MUNICIPAL DEL CUSCO |
||
| 082 |
_22ed. _a780.985 / _bO38 |
||
| 100 |
_aOjeda Vizcarra, Pablo _922215 |
||
| 245 | _aImportancia de la música cusqueña / | ||
| 260 |
_aCusco : _bLlaqta, _c1983. |
||
| 300 |
_a112 paginas ; _c20 cm. |
||
| 505 | _aContenido :La música cusqueña frente a la política de dominación cultural --Música indígena del Perú --Breve reencuentro histórico --Música nacional peruana ... | ||
| 650 |
_aCusco _9772 |
||
| 650 |
_aMúsica cusqueña _913074 |
||
| 650 |
_aMúsica andina _922217 |
||
| 942 |
_2ddc _cLIBROS |
||
| 945 |
_arjall _d2019-04-16 |
||